Digestive System quiz #1 - Statistics

General Stats
  • This quiz has been taken 76 times
    51 since last reset
  • The average score is 5 of 20
Answer Stats
Hint Answer % Correct
The small intestine receives what from the liver? bile
91%
what does the liver produce? bile
91%
what does the liver filter? blood
42%
what part of the digestive tract is part of the immune system? the small intestine
42%
the liver can ________ itself Regenerate
39%
what is the stomach connected to? small intestine
39%
how long is the Small intestine? 20 feet.
27%
how long does it take for food to travel through the small intestine? 5 hours
24%
how long is the large intestine 5 feet
15%
What does the large intestine look like? An upside down U shape
9%
what vitamins do the liver store? A,D,E,K
6%
where is the small intestine located? between the stomach and large intestine.
6%
What does the large intestine mostly absorb? salt and water
6%
How long is the esophagus 10 to 13 inches
3%
How many liters can the stomach hold? 1 to 2
3%
Where is the esophagus located? Behind the trachea in front of the spine
3%
the liver removes __________ Harmful toxins
3%
what shape is the stomach? J shaped
3%
what does the stomach do? Stores, breaks down and mixes food
3%
where is the stomach located? Upper abdomen
3%
No matching quizzes found
Score Distribution
Percent of People with Each Score
Percentile by Number Answered
Your Score History
You have not taken this quiz since the last reset